Alle Asien Cup Sieger - Statistiken

Allgemein
  • Dieses Quiz wurde 28 mal gespielt
  • Das Durchschnittsergebnis liegt bei 17 aus 18
Antwortstatistiken
Jahr Sieger % Korrekt
2007 Irak
100%
1968 Iran
100%
1972 Iran
100%
1976 Iran
100%
1992 Japan
100%
2000 Japan
100%
2004 Japan
100%
2011 Japan
100%
2019 Katar
96%
2024 Katar
96%
1984 Saudi-Arabien
96%
1988 Saudi-Arabien
96%
1996 Saudi-Arabien
96%
1956 Südkorea
96%
1960 Südkorea
96%
2015 Australien
70%
1964 Israel
70%
1980 Kuwait
61%
Keine übereinstimmenden Quizze gefunden
Verteilung der Resultate
Anzahl Personen mit jedem Resultat
Perzentil nach korrekt beantworteten Fragen
Ihre Resultats-Entwicklung
Sie haben dieses Quiz noch nicht gespielt